Đang tải...

The satapatha brahmana: according to the text of the madyandina school

Chi tiết về thư mục
Tác giả chính: Eggeling, Julius
Định dạng: Printed Book
Được phát hành: New Delhi, Motilal Banarsidass 1964
Loạt:1
Những chủ đề:
LEADER 006140000a22002050004500
041 |a en 
082 |a 294.592 095 K4.12-1 
100 |a Eggeling, Julius  |f Tr 
245 |a The satapatha brahmana: according to the text of the madyandina school 
260 |a New Delhi, Motilal Banarsidass 
260 |c 1964 
490 |a 1 
490 |c 12 
650 |a Asia 
650 |a Maxmuller, F 
650 |a Religion 
650 |a Sacred Book 
942 |c BK 
999 |c 149660  |d 149656 
952 |0 0  |1 0  |4 0  |6 294_592000000000000_095_K4_121  |7 0  |9 148487  |a SCK  |b SCK  |d 2017-10-23  |l 0  |o 294.592 095 K4.12-1  |p SCK00564  |r 2017-10-23  |w 2017-10-23  |y BK